[Event "Tradewise Gibraltar Masters 16th"]
[Site "Gibraltar"]
[Date "2018.01.28"]
[Round "6.43"]
[White "Sukandar, Irine Kharisma"]
[Black "Pichot, Alan"]
[Result "0-1"]
[WhiteElo "2387"]
[BlackElo "2552"]
[PlyCount "86"]
[EventDate "2018.01.23"]
[EventType "swiss"]
[EventRounds "10"]
[EventCountry "GGB"]
[SourceTitle "BritBase"]
[Source "www.saund.co.uk"]
[SourceDate "2018.02.10"]
[SourceVersion "1"]
[SourceVersionDate "2018.02.10"]
[SourceQuality "1"]

1. e4 c5 2. Nf3 Nc6 3. Bb5 e6 4. O-O Nge7 5. c3 a6 6. Ba4 b5 7. Bc2 Bb7 8. Re1
Rc8 9. a4 b4 10. d4 bxc3 11. Nxc3 cxd4 12. Nxd4 Nb4 13. Bb3 Ng6 14. Be3 Be7 15.
Qe2 Qc7 16. Rac1 Qb8 17. Nf5 Bf6 18. Ng3 Be5 19. Red1 Nf4 20. Qd2 O-O 21. Nce2
Nfd3 22. Rc3 d5 23. exd5 Bxc3 24. bxc3 Nxd5 25. Bxd5 Rcd8 26. Qxd3 Rxd5 27. Bd4
e5 28. Nf5 Re8 29. Qg3 g6 30. Rb1 Kh8 31. Ne3 Rd7 32. Bc5 Qc7 33. Bb6 Qc6 34.
a5 f5 35. Qh3 f4 36. Nf1 g5 37. Qg4 h5 38. Qxh5+ Rh7 39. Qf3 Qg6 40. Qg4 Qxb1
41. Qxg5 Ree7 42. Nxf4 Rhg7 43. Qh6+ Kg8 0-1

[Event "Tradewise Gibraltar Masters 16th"]
[Site "Gibraltar"]
[Date "2018.01.28"]
[Round "6.44"]
[White "Martinez Martin, David"]
[Black "Baron, Tal"]
[Result "1-0"]
[WhiteElo "2399"]
[BlackElo "2548"]
[PlyCount "81"]
[EventDate "2018.01.23"]
[EventType "swiss"]
[EventRounds "10"]
[EventCountry "GGB"]
[SourceTitle "BritBase"]
[Source "www.saund.co.uk"]
[SourceDate "2018.02.10"]
[SourceVersion "1"]
[SourceVersionDate "2018.02.10"]
[SourceQuality "1"]

1. Nf3 d5 2. b3 Bg4 3. Bb2 Nd7 4. g3 Bxf3 5. exf3 e5 6. Bg2 Ngf6 7. O-O Bd6 8.
d4 O-O 9. dxe5 Bxe5 10. Bxe5 Nxe5 11. f4 Ng6 12. c4 c6 13. cxd5 Nxd5 14. Bxd5
Qxd5 15. Qxd5 cxd5 16. Nc3 Rfd8 17. Rfd1 Ne7 18. Rd3 Rd7 19. Rad1 Rad8 20. b4
f6 21. Kg2 Kf7 22. Kf3 h5 23. h3 a6 24. a3 Rd6 25. Na4 b6 26. Nc3 R6d7 27. Na4
Rd6 28. Rc1 R8d7 29. g4 hxg4+ 30. hxg4 Rb7 31. Kg3 Rd8 32. f5 Rd6 33. Nc3 Rc7
34. Rcd1 Rcd7 35. Ne2 Nc6 36. Nf4 d4 37. Ne6 Rd5 38. Nf4 Re5 39. Rc1 Rd6 40.
Ne6 Red5 41. f4 1-0

[Event "Tradewise Gibraltar Masters 16th"]
[Site "Gibraltar"]
[Date "2018.01.28"]
[Round "6.45"]
[White "Kaidanov, Gregory"]
[Black "Gaehwiler, Gabriel"]
[Result "1-0"]
[WhiteElo "2548"]
[BlackElo "2428"]
[PlyCount "93"]
[EventDate "2018.01.23"]
[EventType "swiss"]
[EventRounds "10"]
[EventCountry "GGB"]
[SourceTitle "BritBase"]
[Source "www.saund.co.uk"]
[SourceDate "2018.02.10"]
[SourceVersion "1"]
[SourceVersionDate "2018.02.10"]
[SourceQuality "1"]

1. d4 Nf6 2. c4 e6 3. g3 d5 4. Nf3 dxc4 5. Qa4+ Bd7 6. Qxc4 Bc6 7. Bg2 Bd5 8.
Qd3 Be4 9. Qd1 Bb4+ 10. Bd2 a5 11. a3 Bxf3 12. Bxf3 Bxd2+ 13. Qxd2 Nc6 14.
Bxc6+ bxc6 15. Nc3 O-O 16. O-O c5 17. Rfd1 cxd4 18. Qxd4 Qxd4 19. Rxd4 Rab8 20.
Na4 Rb3 21. Rc1 Nd5 22. Rd2 Rfb8 23. Rcc2 Ra8 24. e4 Nf6 25. Nc5 Rb6 26. f3 h6
27. Kf2 Rab8 28. e5 Nd5 29. Nd7 R8b7 30. Nxb6 cxb6 31. Rc8+ Kh7 32. f4 b5 33.
b3 a4 34. b4 Nb6 35. Rc5 Nc4 36. Rd3 Nb2 37. Rd4 Nc4 38. Rxb5 Rxb5 39. Rxc4 g5
40. Rc5 Rb7 41. Ra5 gxf4 42. gxf4 Rc7 43. Rxa4 Rc3 44. b5 Rb3 45. Rb4 Rxa3 46.
b6 Ra8 47. Ke3 1-0

[Event "Tradewise Gibraltar Masters 16th"]
[Site "Gibraltar"]
[Date "2018.01.28"]
[Round "6.46"]
[White "Stark, Lars"]
[Black "Moroni, Luca Jr"]
[Result "0-1"]
[WhiteElo "2381"]
[BlackElo "2547"]
[PlyCount "74"]
[EventDate "2018.01.23"]
[EventType "swiss"]
[EventRounds "10"]
[EventCountry "GGB"]
[SourceTitle "BritBase"]
[Source "www.saund.co.uk"]
[SourceDate "2018.02.10"]
[SourceVersion "1"]
[SourceVersionDate "2018.02.10"]
[SourceQuality "1"]

1. c4 Nf6 2. g3 e6 3. Bg2 d5 4. Nf3 Be7 5. O-O O-O 6. d4 c6 7. Qc2 b6 8. Nbd2
Ba6 9. Re1 Nbd7 10. e4 dxc4 11. Nxc4 c5 12. Nce5 Nxe5 13. dxe5 Nd7 14. Rd1 Qc8
15. h4 Rd8 16. h5 h6 17. Bf4 c4 18. Nd2 Qc5 19. Be3 Qxe5 20. Nxc4 Qxh5 21. e5
Nf8 22. Nd6 Ng6 23. f4 Be2 24. Bxa8 Rxa8 25. Rd2 Bf3 26. Rh2 Qg4 27. Kf2 Rd8
28. Ne4 Nxe5 29. fxe5 Bxe4 30. Qe2 Qf5+ 31. Kg1 Qxe5 32. Bf2 Bc5 33. Rh3 Qf5
34. g4 Bxf2+ 35. Qxf2 Qxg4+ 36. Rg3 Qh5 37. Qf4 Qh1+ 0-1

[Event "Tradewise Gibraltar Masters 16th"]
[Site "Gibraltar"]
[Date "2018.01.28"]
[Round "6.47"]
[White "Mkrtchian, Lilit"]
[Black "Lalith, Babu M R"]
[Result "1/2-1/2"]
[WhiteElo "2378"]
[BlackElo "2542"]
[PlyCount "82"]
[EventDate "2018.01.23"]
[EventType "swiss"]
[EventRounds "10"]
[EventCountry "GGB"]
[SourceTitle "BritBase"]
[Source "www.saund.co.uk"]
[SourceDate "2018.02.10"]
[SourceVersion "1"]
[SourceVersionDate "2018.02.10"]
[SourceQuality "1"]

1. e4 c6 2. d4 d5 3. e5 Bf5 4. Nf3 e6 5. Be2 Ne7 6. c3 Ng6 7. h4 h6 8. h5 Ne7
9. Nh4 Bh7 10. Bd3 Bxd3 11. Qxd3 Nd7 12. f4 c5 13. Na3 Qb6 14. Nc2 Nc6 15. f5
O-O-O 16. fxe6 fxe6 17. Ng6 Rg8 18. b3 Kb8 19. Be3 cxd4 20. cxd4 Bb4+ 21. Ke2
Nf8 22. a3 Be7 23. Nxe7 Nxe7 24. g4 Nc6 25. b4 Rc8 26. Rac1 Nd7 27. Na1 Qd8 28.
Nb3 Nb6 29. b5 Ne7 30. Rxc8+ Qxc8 31. Bd2 Qe8 32. Bb4 Nec8 33. Nd2 g6 34. hxg6
Rxg6 35. Rh4 Qg8 36. Qf3 Qd8 37. Qf7 Qxh4 38. Qxg6 Qh2+ 39. Kd3 Qg3+ 40. Kc2
Qf4 41. Kd3 Qg3+ 1/2-1/2

[Event "Tradewise Gibraltar Masters 16th"]
[Site "Gibraltar"]
[Date "2018.01.28"]
[Round "6.48"]
[White "Mikhalevski, Victor"]
[Black "Ladron De Guevara Pinto, Paolo"]
[Result "1-0"]
[WhiteElo "2538"]
[BlackElo "2427"]
[PlyCount "95"]
[EventDate "2018.01.23"]
[EventType "swiss"]
[EventRounds "10"]
[EventCountry "GGB"]
[SourceTitle "BritBase"]
[Source "www.saund.co.uk"]
[SourceDate "2018.02.10"]
[SourceVersion "1"]
[SourceVersionDate "2018.02.10"]
[SourceQuality "1"]

1. Nf3 d5 2. g3 c6 3. Bg2 Bg4 4. O-O Nd7 5. c4 e6 6. cxd5 exd5 7. d3 Ngf6 8. h3
Bxf3 9. Bxf3 Be7 10. Nc3 O-O 11. e4 Ne5 12. Be2 c5 13. f4 Nc6 14. Bf3 dxe4 15.
dxe4 Qc8 16. e5 Qxh3 17. Bg2 Qxg3 18. exf6 Bxf6 19. Ne4 Qh4 20. Nxf6+ Qxf6 21.
Be3 Rad8 22. Qc2 b6 23. Rad1 Nd4 24. Bxd4 Rxd4 25. Rxd4 Qxd4+ 26. Qf2 Qf6 27.
Rd1 Rd8 28. Bd5 Kf8 29. Rd2 Rd6 30. Qe3 Qg6+ 31. Kf2 Qh5 32. Qe5 Qh4+ 33. Kf1
Qd8 34. Ke1 h6 35. Kd1 Rd7 36. Qf5 g6 37. Qe5 f6 38. Qe4 Kg7 39. f5 g5 40. a4
h5 41. Ke2 Kh6 42. Kf1 Re7 43. Qf3 Rd7 44. Rh2 h4 45. Rd2 Qc7 46. Qe3 Qd8 47.
Qe6 Kg7 48. Bc4 1-0

[Event "Tradewise Gibraltar Masters 16th"]
[Site "Gibraltar"]
[Date "2018.01.28"]
[Round "6.49"]
[White "Dvirnyy, Danyyil"]
[Black "Solomon, Kenny"]
[Result "1/2-1/2"]
[WhiteElo "2534"]
[BlackElo "2420"]
[PlyCount "270"]
[EventDate "2018.01.23"]
[EventType "swiss"]
[EventRounds "10"]
[EventCountry "GGB"]
[SourceTitle "BritBase"]
[Source "www.saund.co.uk"]
[SourceDate "2018.02.10"]
[SourceVersion "1"]
[SourceVersionDate "2018.02.10"]
[SourceQuality "1"]

1. e4 e5 2. Nf3 Nc6 3. Nc3 Nf6 4. Bb5 Bb4 5. O-O O-O 6. d3 Bxc3 7. bxc3 d6 8.
Bg5 h6 9. Bh4 Bd7 10. Rb1 a6 11. Bc4 Na5 12. Bb3 Qe7 13. Qd2 Kh7 14. Rfe1 Rab8
15. d4 Nxb3 16. axb3 Bg4 17. Qe3 Rg8 18. Bg3 Bxf3 19. Qxf3 Nd7 20. Rbd1 f6 21.
Qd3 Kh8 22. f3 Rge8 23. Ra1 Rbc8 24. Red1 Qf7 25. Ra5 Kg8 26. Bf2 Nf8 27. b4
Ne6 28. Be3 c6 29. Raa1 exd4 30. cxd4 d5 31. Re1 Rcd8 32. exd5 cxd5 33. b5 axb5
34. Qxb5 Qd7 35. Qd3 Rc8 36. c3 Nf8 37. Reb1 Qc6 38. Bd2 Re7 39. Ra5 Qe6 40.
Re1 Qf7 41. Rxe7 Qxe7 42. Rxd5 Ra8 43. Rb5 Ra1+ 44. Kf2 Qc7 45. Qe4 Qxh2 46.
Rxb7 Rd1 47. Qg4 g5 48. Be1 Rc1 49. Qe4 Ra1 50. Rb2 h5 51. Re2 h4 52. Qf5 Qd6
53. f4 gxf4 54. Qg4+ Kf7 55. Qxh4 Ra5 56. Bd2 Ne6 57. Qh7+ Ng7 58. Qe4 Rf5 59.
Kf1 Qa6 60. Kg1 Qa1+ 61. Re1 Qb2 62. Qd3 f3 63. gxf3 Qb8 64. Re2 Qg3+ 65. Rg2
Qxf3 66. Qxf3 Rxf3 67. Rf2 Rd3 68. Kf1 Ke6 69. Ke2 Rh3 70. c4 Nf5 71. Rf4 Nd6
72. d5+ Ke5 73. Be3 Nxc4 74. Rxc4 Kxd5 75. Ra4 f5 76. Bf4 Rb3 77. Kf2 Rd3 78.
Be3 Rc3 79. Kf3 Rd3 80. Kf4 Ke6 81. Bc5 Rc3 82. Ra6+ Kd5 83. Be3 Rb3 84. Ra5+
Ke6 85. Re5+ Kd6 86. Kxf5 Rd3 87. Bc5+ Kc6 88. Ke4 Rd1 89. Bd4 Kd6 90. Rb5 Re1+
91. Be3 Rd1 92. Rb6+ Kc7 93. Rh6 Re1 94. Kd4 Kd7 95. Ra6 Ke7 96. Bg5+ Kd7 97.
Kd5 Rd1+ 98. Kc5 Rd3 99. Bf6 Rd1 100. Bd4 Rd2 101. Kd5 Rd1 102. Ra7+ Kd8 103.
Rh7 Rd2 104. Ke5 Kc8 105. Bc5 Rd7 106. Rh1 Rd2 107. Bd6 Kd7 108. Rh7+ Kc6 109.
Rc7+ Kb5 110. Bc5 Rh2 111. Bd4 Rh5+ 112. Ke4 Rh4+ 113. Kd5 Rh5+ 114. Be5 Rg5
115. Rh7 Ka5 116. Kd4 Kb5 117. Rb7+ Kc6 118. Rc7+ Kb5 119. Rc5+ Kb4 120. Rd5
Rg4+ 121. Kd3 Rh4 122. Bd6+ Ka4 123. Be7 Rg4 124. Bf6 Rb4 125. Kc2 Rb5 126. Rd6
Rc5+ 127. Kd3 Kb5 128. Be7 Re5 129. Bf6 Rc5 130. Bd4 Rc6 131. Rd5+ Ka6 132. Bc5
Kb7 133. Kc4 Kc7 134. Kb5 Rg6 135. Bd4 Rg2 1/2-1/2

[Event "Tradewise Gibraltar Masters 16th"]
[Site "Gibraltar"]
[Date "2018.01.28"]
[Round "6.50"]
[White "Padmini, Rout"]
[Black "Swapnil, S. Dhopade"]
[Result "0-1"]
[WhiteElo "2325"]
[BlackElo "2533"]
[PlyCount "202"]
[EventDate "2018.01.23"]
[EventType "swiss"]
[EventRounds "10"]
[EventCountry "GGB"]
[SourceTitle "BritBase"]
[Source "www.saund.co.uk"]
[SourceDate "2018.02.10"]
[SourceVersion "1"]
[SourceVersionDate "2018.02.10"]
[SourceQuality "1"]

1. Nf3 d5 2. g3 Bg4 3. Bg2 c6 4. O-O Nd7 5. h3 Bh5 6. d3 Ngf6 7. Qe1 e5 8. e4
dxe4 9. dxe4 a5 10. a4 Bb4 11. Bd2 Bxd2 12. Nbxd2 Qb6 13. Nb3 O-O 14. Nfd2 Qc7
15. Nc4 b6 16. Qc3 Be2 17. Rfe1 Bxc4 18. Qxc4 Rfd8 19. c3 Ne8 20. Bf1 Nd6 21.
Qe2 Nb7 22. Qc2 Ndc5 23. Nxc5 Nxc5 24. Bc4 Rd6 25. b4 Nb7 26. Red1 Rad8 27.
Rxd6 Rxd6 28. h4 g6 29. Rd1 Rxd1+ 30. Qxd1 Nd6 31. Qd3 Kg7 32. Ba2 h6 33. Kg2
Ne8 34. Qc4 Nf6 35. Bb3 h5 36. Ba2 Qd7 37. bxa5 bxa5 38. Bb3 Ng4 39. Ba2 Qa7
40. Qe2 Qc5 41. Qf3 Qa7 42. Qe2 Kf8 43. Bb3 Qb6 44. Bd1 Qb1 45. Qd2 Qxe4+ 46.
Bf3 Qxa4 47. Qd6+ Kg8 48. Qb8+ Kh7 49. Qc7 Qa2 50. Bxg4 hxg4 51. Qxc6 Qe2 52.
c4 e4 53. c5 Qf3+ 54. Kf1 Qd1+ 55. Kg2 Qf3+ 56. Kf1 Qd3+ 57. Kg2 e3 58. Qb7 Qc4
59. fxe3 Qe2+ 60. Kg1 Qxe3+ 61. Kf1 Qd3+ 62. Kf2 Qf5+ 63. Ke2 a4 64. c6 Qf3+
65. Kd2 a3 66. Kc2 Qf2+ 67. Kb1 Qf1+ 68. Ka2 Qf2+ 69. Kb1 Qf3 70. Ka2 Kg7 71.
Qb6 Qg2+ 72. Kb1 Qxg3 73. c7 Qd3+ 74. Ka2 Qc2+ 75. Kxa3 Qc3+ 76. Ka4 g3 77. h5
gxh5 78. Qb8 g2 79. c8=Q Qxc8 80. Qxc8 g1=Q 81. Qc3+ Kh7 82. Kb3 Qb1+ 83. Kc4
Qe4+ 84. Kb5 Qg6 85. Qd4 Qg5+ 86. Kc6 Qg4 87. Qf2 Kg6 88. Qc2+ f5 89. Kd5 Qf3+
90. Kd4 h4 91. Qc8 Qe4+ 92. Kc3 Kh5 93. Kd2 h3 94. Qh8+ Kg4 95. Qg7+ Kf3 96.
Qc3+ Kf2 97. Qh8 Qf4+ 98. Kd3 h2 99. Qb2+ Kg3 100. Qg7+ Kh3 101. Qh8+ Qh4 0-1

[Event "Tradewise Gibraltar Masters 16th"]
[Site "Gibraltar"]
[Date "2018.01.28"]
[Round "6.51"]
[White "De Haan, Eric"]
[Black "Praggnanandhaa, R."]
[Result "0-1"]
[WhiteElo "2304"]
[BlackElo "2515"]
[PlyCount "120"]
[EventDate "2018.01.23"]
[EventType "swiss"]
[EventRounds "10"]
[EventCountry "GGB"]
[SourceTitle "BritBase"]
[Source "www.saund.co.uk"]
[SourceDate "2018.02.10"]
[SourceVersion "1"]
[SourceVersionDate "2018.02.10"]
[SourceQuality "1"]

1. d4 Nf6 2. c4 e6 3. Nc3 Bb4 4. e3 O-O 5. Nf3 d5 6. Bd3 c5 7. O-O cxd4 8. exd4
dxc4 9. Bxc4 b6 10. Bg5 Bb7 11. Rc1 Nbd7 12. Re1 Rc8 13. Qb3 Bxc3 14. Rxc3 h6
15. Bh4 Qe8 16. Nd2 Bd5 17. Bxd5 Nxd5 18. Ne4 Rxc3 19. Nxc3 Nxc3 20. Qxc3 Qa8
21. Rc1 Qe4 22. Be7 Re8 23. Bd6 Qd5 24. Qc7 Nf6 25. Be5 Ng4 26. Qxa7 Nxe5 27.
dxe5 Qd2 28. Qc7 Qxb2 29. h3 Ra8 30. Rc2 Qa1+ 31. Kh2 b5 32. g3 Rxa2 33. Qb8+
Kh7 34. Qxb5 Rxc2 35. Qd3+ g6 36. Qxc2 Qxe5 37. h4 Kg7 38. Kg1 Qd4 39. Qc7 Kf6
40. Qb8 Kg7 41. Qc7 Qd1+ 42. Kg2 Qd5+ 43. Kg1 Qd4 44. Qe7 Qd1+ 45. Kg2 Qd5+ 46.
Kg1 Qf3 47. Qd8 Qd5 48. Qe7 g5 49. hxg5 hxg5 50. Kf1 Qh1+ 51. Ke2 Kg6 52. Qf8
Qe4+ 53. Kf1 Qf3 54. Qg8+ Kh5 55. Qh8+ Kg4 56. Qd4+ Kf5 57. Qc5+ Qd5 58. Qc2+
Kg4 59. Qe2+ Qf3 60. Qe5 Qd1+ 0-1

[Event "Tradewise Gibraltar Masters 16th"]
[Site "Gibraltar"]
[Date "2018.01.28"]
[Round "6.52"]
[White "Merario Alarcon, Andres"]
[Black "Santos Ruiz, Miguel"]
[Result "1/2-1/2"]
[WhiteElo "2298"]
[BlackElo "2510"]
[PlyCount "75"]
[EventDate "2018.01.23"]
[EventType "swiss"]
[EventRounds "10"]
[EventCountry "GGB"]
[SourceTitle "BritBase"]
[Source "www.saund.co.uk"]
[SourceDate "2018.02.10"]
[SourceVersion "1"]
[SourceVersionDate "2018.02.10"]
[SourceQuality "1"]

1. d4 Nf6 2. c4 e6 3. Nf3 d5 4. Nc3 Nbd7 5. Bg5 h6 6. Bh4 c6 7. e3 g5 8. Bg3
Nh5 9. Qc2 Nxg3 10. hxg3 Bg7 11. O-O-O Qe7 12. Kb1 a6 13. g4 b5 14. cxd5 cxd5
15. Ne2 Bb7 16. Ng3 Rc8 17. Qb3 Nf6 18. Nh5 Nxh5 19. Rxh5 O-O 20. Bd3 Rfd8 21.
Ne5 f6 22. Ng6 Qd6 23. f4 Bc6 24. fxg5 fxg5 25. Ne5 Be8 26. Rh3 Rc7 27. Ka1 b4
28. Bb1 Bb5 29. Rdh1 Rf8 30. Qd1 Rf2 31. Qg1 Rf1 32. Qh2 Rcc1 33. Rxf1 Rxf1 34.
Rxh6 Qxe5 35. Rh8+ Bxh8 36. Qh7+ Kf8 37. dxe5 Bxe5 38. Qc2 1/2-1/2

[Event "Tradewise Gibraltar Masters 16th"]
[Site "Gibraltar"]
[Date "2018.01.28"]
[Round "6.53"]
[White "De Francesco, Klaus"]
[Black "Gunina, Valentina"]
[Result "0-1"]
[WhiteElo "2287"]
[BlackElo "2502"]
[PlyCount "66"]
[EventDate "2018.01.23"]
[EventType "swiss"]
[EventRounds "10"]
[EventCountry "GGB"]
[SourceTitle "BritBase"]
[Source "www.saund.co.uk"]
[SourceDate "2018.02.10"]
[SourceVersion "1"]
[SourceVersionDate "2018.02.10"]
[SourceQuality "1"]

1. d4 Nf6 2. Nf3 e6 3. e3 d5 4. Bd3 b6 5. O-O Bb7 6. Ne5 Bd6 7. f4 O-O 8. Nd2
c5 9. Qf3 Nc6 10. c3 Ne7 11. Qh3 Ne4 12. Ndf3 Qc8 13. Ng5 h6 14. Nxe4 dxe4 15.
Bc2 b5 16. Bd2 cxd4 17. exd4 b4 18. Rae1 bxc3 19. bxc3 f6 20. Ng4 f5 21. Ne5
Bd5 22. Re3 Bxa2 23. g4 Nd5 24. Rg3 e3 25. gxf5 Rf6 26. Ng4 exd2 27. Nxf6+ Nxf6
28. Qxh6 Qf8 29. Kf2 exf5 30. Bxf5 Re8 31. Rfg1 Re7 32. Bc2 Bc4 33. Rg5 Ne4+
0-1

[Event "Tradewise Gibraltar Masters 16th"]
[Site "Gibraltar"]
[Date "2018.01.28"]
[Round "6.54"]
[White "Cuenca Jimenez, Jose Fernando"]
[Black "Erenberg, Ariel"]
[Result "1-0"]
[WhiteElo "2489"]
[BlackElo "2382"]
[PlyCount "93"]
[EventDate "2018.01.23"]
[EventType "swiss"]
[EventRounds "10"]
[EventCountry "GGB"]
[SourceTitle "BritBase"]
[Source "www.saund.co.uk"]
[SourceDate "2018.02.10"]
[SourceVersion "1"]
[SourceVersionDate "2018.02.10"]
[SourceQuality "1"]

1. d4 Nf6 2. c4 e6 3. Nc3 Bb4 4. Qc2 O-O 5. Nf3 c5 6. dxc5 Na6 7. g3 Nxc5 8.
Bg2 Nce4 9. O-O Bxc3 10. bxc3 b6 11. Ng5 d5 12. Rd1 Qe7 13. Bf4 Rd8 14. Nxe4
dxe4 15. Rxd8+ Qxd8 16. Rd1 Qe8 17. Bg5 Bb7 18. Bxf6 gxf6 19. Bxe4 Bxe4 20.
Qxe4 Rc8 21. Qb7 Rxc4 22. Qxa7 Qb5 23. Qa8+ Kg7 24. Rd8 Qb1+ 25. Kg2 Qe4+ 26.
Qxe4 Rxe4 27. Rd2 f5 28. Kf3 e5 29. Rb2 Rc4 30. Rb3 h5 31. Ke3 h4 32. gxh4 Rc6
33. Kd3 Kg6 34. Ra3 Kh5 35. Ra7 f6 36. Ra6 Rd6+ 37. Kc2 Kxh4 38. a4 Kh3 39. a5
Kg2 40. axb6 Rd7 41. c4 Kxf2 42. c5 Rd5 43. Ra5 Kxe2 44. b7 Rd2+ 45. Kc3 Rd3+
46. Kc4 Rd4+ 47. Kb5 1-0

[Event "Tradewise Gibraltar Masters 16th"]
[Site "Gibraltar"]
[Date "2018.01.28"]
[Round "6.55"]
[White "Xu, Yi"]
[Black "Hemant, Sharma (Del)"]
[Result "1/2-1/2"]
[WhiteElo "2482"]
[BlackElo "2348"]
[PlyCount "78"]
[EventDate "2018.01.23"]
[EventType "swiss"]
[EventRounds "10"]
[EventCountry "GGB"]
[SourceTitle "BritBase"]
[Source "www.saund.co.uk"]
[SourceDate "2018.02.10"]
[SourceVersion "1"]
[SourceVersionDate "2018.02.10"]
[SourceQuality "1"]

1. e4 c5 2. Nf3 d6 3. Bb5+ Nd7 4. O-O a6 5. Bd3 g6 6. c3 Bg7 7. Bc2 Ngf6 8. d4
cxd4 9. cxd4 O-O 10. a4 Rb8 11. Nc3 b5 12. axb5 axb5 13. b4 Nb6 14. Nxb5 Nbd5
15. exd5 Rxb5 16. Ba4 Rxb4 17. Bd2 Rb8 18. Bc6 Bb7 19. Qa4 Qb6 20. Ba5 Qa6 21.
Rfb1 Ba8 22. Rxb8 Rxb8 23. Bd2 Qxa4 24. Rxa4 Bxc6 25. dxc6 Rc8 26. Rc4 Nd5 27.
Kf1 f6 28. Ke2 Kf7 29. Kd3 e5 30. dxe5 dxe5 31. Rc5 Ke6 32. Kc4 Nc7 33. Ra5 Kd6
34. Ra7 Kxc6 35. Ba5 Ne6 36. Nd2 h6 37. Ne4 Bh8 38. Re7 Nd4 39. Bb4 Rc7 1/2-1/2

[Event "Tradewise Gibraltar Masters 16th"]
[Site "Gibraltar"]
[Date "2018.01.28"]
[Round "6.56"]
[White "Almagro Llamas, Pablo"]
[Black "Paramzina, Anastasya"]
[Result "0-1"]
[WhiteElo "2479"]
[BlackElo "2225"]
[PlyCount "68"]
[EventDate "2018.01.23"]
[EventType "swiss"]
[EventRounds "10"]
[EventCountry "GGB"]
[SourceTitle "BritBase"]
[Source "www.saund.co.uk"]
[SourceDate "2018.02.10"]
[SourceVersion "1"]
[SourceVersionDate "2018.02.10"]
[SourceQuality "1"]

1. Nf3 Nf6 2. g3 d5 3. Bg2 c6 4. O-O Bg4 5. h3 Bh5 6. d3 Nbd7 7. Nbd2 e5 8. e4
Bc5 9. Qe1 O-O 10. a3 a5 11. b3 Re8 12. Bb2 b5 13. Nh4 Ra7 14. Ndf3 Bf8 15. Nf5
a4 16. exd5 cxd5 17. b4 Rc7 18. Qd2 Qc8 19. Rac1 d4 20. Rfe1 Bxf3 21. Bxf3 Nb6
22. Qg5 Kh8 23. g4 Rxc2 24. Rxc2 Qxc2 25. Bxd4 Nbd7 26. Ba1 Qxd3 27. Bc6 Rc8
28. Bb7 Rc2 29. Bg2 Qxa3 30. Qh4 Qxb4 31. Rd1 Qf4 32. Bf1 b4 33. g5 Qxf5 34.
Bd3 Qf3 0-1

[Event "Tradewise Gibraltar Masters 16th"]
[Site "Gibraltar"]
[Date "2018.01.28"]
[Round "6.57"]
[White "Bellon Lopez, Juan Manuel"]
[Black "Anton Guijarro, David"]
[Result "1-0"]
[WhiteElo "2334"]
[BlackElo "2666"]
[PlyCount "81"]
[EventDate "2018.01.23"]
[EventType "swiss"]
[EventRounds "10"]
[EventCountry "GGB"]
[SourceTitle "BritBase"]
[Source "www.saund.co.uk"]
[SourceDate "2018.02.10"]
[SourceVersion "1"]
[SourceVersionDate "2018.02.10"]
[SourceQuality "1"]

1. d4 e6 2. Nf3 Nf6 3. Bg5 Be7 4. e3 b6 5. c4 Bb7 6. Nc3 O-O 7. Bd3 c5 8. O-O
cxd4 9. Nxd4 a6 10. Rc1 h6 11. Bxf6 Bxf6 12. Be4 Ra7 13. Qf3 Bxe4 14. Qxe4 Rc7
15. b3 Qc8 16. Nce2 Rd8 17. h3 Nc6 18. Nxc6 Rxc6 19. Rfd1 Qc7 20. Qf3 Rc8 21.
a4 Rc5 22. Nf4 Qa7 23. Nd3 R5c7 24. g3 Qb8 25. Nb4 Ra7 26. Nd3 b5 27. cxb5 Rxc1
28. Rxc1 axb5 29. axb5 Qxb5 30. Rc8+ Kh7 31. Qe4+ g6 32. Qc4 Qh5 33. Qf4 Kg7
34. Qd6 g5 35. Qf8+ Kg6 36. Qg8+ Bg7 37. Ne5+ Kf6 38. g4 Qxh3 39. Qxf7+ Kxe5
40. Qxg7+ Kd6 41. Rc4 1-0

[Event "Tradewise Gibraltar Masters 16th"]
[Site "Gibraltar"]
[Date "2018.01.28"]
[Round "6.58"]
[White "Bosiocic, Marin"]
[Black "Lombaers, Peter"]
[Result "1-0"]
[WhiteElo "2628"]
[BlackElo "2345"]
[PlyCount "121"]
[EventDate "2018.01.23"]
[EventType "swiss"]
[EventRounds "10"]
[EventCountry "GGB"]
[SourceTitle "BritBase"]
[Source "www.saund.co.uk"]
[SourceDate "2018.02.10"]
[SourceVersion "1"]
[SourceVersionDate "2018.02.10"]
[SourceQuality "1"]

1. d4 Nf6 2. c4 e6 3. Nf3 d5 4. g3 Be7 5. Bg2 O-O 6. O-O dxc4 7. Qc2 a6 8. a4
Bd7 9. Qxc4 Bc6 10. Bg5 Bd5 11. Qc2 Be4 12. Qd1 c5 13. dxc5 Bxc5 14. Nbd2 Bc6
15. Ne5 Bxg2 16. Kxg2 Nbd7 17. Nxd7 Qxd7 18. Bxf6 gxf6 19. Nf3 Rfd8 20. Qxd7
Rxd7 21. Rfc1 Be7 22. g4 Kf8 23. Rc2 Rd6 24. h3 Rad8 25. Ne1 Rd2 26. Rac1 Rxc2
27. Rxc2 Rd4 28. Rc8+ Kg7 29. b3 Bd6 30. Nd3 b5 31. a5 Bb4 32. Ra8 Bxa5 33.
Rxa6 Bc7 34. Rc6 Bd6 35. Rb6 Rd5 36. f4 f5 37. gxf5 exf5 38. Rb7 Kg6 39. Rd7
Kf6 40. Kf3 Rd4 41. Rd8 Ke6 42. Rh8 Be7 43. Rxh7 Bf6 44. Rh6 Ke7 45. Rh5 Rd5
46. Ne5 Rc5 47. Rxf5 Rc3+ 48. Kg4 Rxb3 49. Nc6+ Ke6 50. e4 Rb1 51. Rd5 Bc3 52.
f5+ Kf6 53. e5+ Kg7 54. Rd7 Rg1+ 55. Kh5 Rh1 56. f6+ Kg8 57. h4 Be1 58. Ne7+
Kh8 59. Nf5 Rh2 60. Rxf7 Re2 61. Ne7 1-0

[Event "Tradewise Gibraltar Masters 16th"]
[Site "Gibraltar"]
[Date "2018.01.28"]
[Round "6.59"]
[White "Nihal, Sarin"]
[Black "Horvath, Dominik"]
[Result "1-0"]
[WhiteElo "2524"]
[BlackElo "2329"]
[PlyCount "61"]
[EventDate "2018.01.23"]
[EventType "swiss"]
[EventRounds "10"]
[EventCountry "GGB"]
[SourceTitle "BritBase"]
[Source "www.saund.co.uk"]
[SourceDate "2018.02.10"]
[SourceVersion "1"]
[SourceVersionDate "2018.02.10"]
[SourceQuality "1"]

1. d4 d5 2. Nf3 Nf6 3. Bf4 c5 4. e3 Nc6 5. Nbd2 e6 6. c3 Be7 7. Ne5 Nd7 8. Nxd7
Bxd7 9. Bd3 O-O 10. Nf3 Be8 11. dxc5 f6 12. Nd4 e5 13. Ne6 Qc8 14. Nxf8 exf4
15. Nxh7 fxe3 16. fxe3 Ne5 17. O-O Qxc5 18. Bf5 Qxe3+ 19. Kh1 Rd8 20. Qb3 Bc6
21. Rae1 Qh6 22. Qc2 d4 23. cxd4 Rxd4 24. Qb3+ Kh8 25. Qe6 Qd2 26. Bh3 Rg4 27.
Rg1 Bc5 28. Nxf6 gxf6 29. Qxf6+ Kg8 30. Rxe5 Bxg1 31. Qe6+ 1-0

[Event "Tradewise Gibraltar Masters 16th"]
[Site "Gibraltar"]
[Date "2018.01.28"]
[Round "6.60"]
[White "Blomqvist, Erik"]
[Black "Papp, Petra"]
[Result "1/2-1/2"]
[WhiteElo "2502"]
[BlackElo "2324"]
[PlyCount "115"]
[EventDate "2018.01.23"]
[EventType "swiss"]
[EventRounds "10"]
[EventCountry "GGB"]
[SourceTitle "BritBase"]
[Source "www.saund.co.uk"]
[SourceDate "2018.02.10"]
[SourceVersion "1"]
[SourceVersionDate "2018.02.10"]
[SourceQuality "1"]

1. e4 e5 2. Nf3 Nf6 3. Nxe5 d6 4. Nf3 Nxe4 5. Qe2 Qe7 6. d3 Nf6 7. Nc3 Qxe2+ 8.
Bxe2 c6 9. Ne4 Nbd7 10. Bf4 Nxe4 11. dxe4 Nf6 12. Nd2 d5 13. e5 Ne4 14. Nxe4
dxe4 15. Be3 Bb4+ 16. c3 Ba5 17. O-O-O Bb6 18. Bc4 O-O 19. Rhe1 Bf5 20. h3 h5
21. Bxb6 axb6 22. Rd6 Rfe8 23. g4 hxg4 24. hxg4 Bxg4 25. Rxe4 Be6 26. Bxe6 Rxe6
27. Rd7 Rxa2 28. f4 g6 29. Kb1 Ra7 30. Rc7 c5 31. Re2 Kf8 32. Rd2 Rc6 33. Rd8+
Kg7 34. Rdd7 Rxc7 35. Rxc7 Ra4 36. b4 Kf8 37. Kb2 cxb4 38. Kb3 Ra1 39. Kxb4 Rf1
40. Kc4 Rxf4+ 41. Kd5 b5 42. Rxb7 Rc4 43. e6 fxe6+ 44. Kxe6 Rxc3 45. Kf6 Rc6+
46. Kg5 Rc5+ 47. Kxg6 Ke8 48. Kf6 Kd8 49. Ke6 Kc8 50. Kd6 Rh5 51. Rg7 b4 52.
Rg4 b3 53. Rc4+ Kd8 54. Rb4 Rh6+ 55. Kc5 Rh5+ 56. Kc4 Rh4+ 57. Kxb3 Rxb4+ 58.
Kxb4 1/2-1/2